000 01106nam a2200301 i 4500
003 OSt
008 211219s2022 my ade g a001 0 eng d
020 _a9789835218156
_cRM70.00
_qpaperback
040 _aPPAK
_beng
_cPPAK
_erda
082 0 4 _223
_a620.136
090 0 0 _a620.136
_bCHI
_dG
100 1 _aChin, Sofrie Siew Yung,
_eauthor.
245 1 0 _aINTRODUCTION OF CONFINED HIGH STRENGTH COLUMN UNDER LATERAL CYCLIC LOAD /
_cSOFRIE CHIN SIEW YUNG, MA CHAU KHUN, WAHID OMAR, ABDULLAH ZAWAWI AWANG, ONG CHIN BOON ; Editor: NOR HASANAH
264 1 _aJohor Bahru, Johor :
_bPenerbit UTM Press,
_c2022
300 _axii, 101 pages :
_billustrations, charts, plans ;
_c24 cm.
336 _atext
_2rdacontent
337 _aunmediated
_2rdamedia
338 _avolume
_2rdacarrier
500 _aIncludes index
504 _aBibliography : pages [93]-97
650 1 0 _aHigh strength concrete
650 2 0 _aConcrete
650 2 0 _aGovernment publications
_zMalaysia
700 1 _aMa, Chau Khun,
_eauthor.
700 0 _aWahid Omar,
_eauthor.
700 0 _aAbdullah Zawawi Awang,
_eauthor.
942 _2ddc
_cB
999 _c191564
_d191564